000 00700nam a22002177a 4500
005 20260421092459.0
008 260421b |||||||| |||| 00| 0 eng d
020 _a9781284194036
050 _a RG950
_b.T43 2022
100 _aTharpe, Nell,
245 _aClinical practice guidelines for midwifery and women's health /
260 _a Burlington, Mass. :
_b Jones & Bartlett Learning,
_c2022
300 _a xviii, 722 p. :
_bill. ;
_c 28 cm.
500 _a Includes bibliographical references and index.
650 _a Midwifery
_x methods
650 _a Women's Health
650 _aPregnancy Complications
700 _aFarley, Cindy L.
700 _aJordan, Robin G.,
942 _2lcc
_cBK
999 _c60385
_d60385